000 00344nam a22001457a 4500
040 _cNUST
082 _a660
_bDAR
100 _aDr. S.S. Dara
_9122166
245 _aBasic Engineering Chemistry/
_cDr. S.S. Dara
250 _aRevised Edition
260 _aNew Delhi :
_bS.Chand;
_c2004.
300 _a280p.
500 _aHB
942 _2ddc
_cBK
999 _c608703
_d608703